000 00536nam a2200181Ia 4500
003 GCL
008 140319s9999 xx 000 0 ara d
020 _a1326305977
040 _aGCL /
_cGCL
082 0 4 _aق
_b913.031
_bز م
100 1 _aزاهى حواس
245 1 0 _aمتحف الاثار /
_cزاهى حواس
260 _aالقاهرة :
_bالمجلس الاعلى للاثار ،
_c2002
300 _a190 ص ؛
_c30 سم
650 0 4 _aالاثار الفرعونية
650 0 4 _aالاثار، علم
942 _2ddc
_cBK
999 _c5137
_d5137